00750nam a2200193 a 4500003000500000005001700005008004100022010001100063011001100074035001100085040000900096111007000105245018100175260006200356300003600418650003700454650003200491710003300523CHAP20220329143657.0110105s2004 mx 10010 spa d a100196 a101168 a111855 cCHAP2 aForo Nacional sobre Servicio Social (d: 2004c:Mazatlán, Sin.)10aForo Nacional sobre servicio social [Disco compacto] :bParticipación ciudadana y jovenes en la comunidad del 27 al 29 de octubre de 2004c/por Gobierno del Estado de Sinaloa aMazatlán, Sin. :bGobierno del Estado de Sinaloa,c2004 a1 disco compacto ;c4 3/4 plgs.04aEducación superiorxCongresos.04aServicio socialxCongresos.2 aSinaloa. Gobierno del Estado